[Event "Bunratty Masters op 20th"]
[Site "Bunratty"]
[Date "2013.03.03"]
[Round "5"]
[White "Short, Philip M"]
[Black "Short, Nigel D"]
[Result "0-1"]
[WhiteElo "2260"]
[BlackElo "2697"]
[PlyCount "62"]
[EventDate "2013.03.01"]
[EventType "swiss"]
[EventRounds "6"]
[EventCountry "IRL"]
[SourceTitle "CBM 153 Extra"]
[Source "ChessBase"]
[SourceDate "2013.04.22"]
[SourceVersion "1"]
[SourceVersionDate "2013.04.22"]
[SourceQuality "1"]

1. d4 e6 2. c4 b6 3. Nf3 Bb7 4. g3 Bb4+ 5. Nbd2 Bxf3 6. exf3 Ne7 7. a3 Bxd2+ 8. Bxd2 Nbc6 9. Be3 d5 10. Rc1 0-0 11. Bg2 Na5 12. cxd5 exd5 13. Qc2 Nc4 14. 0-0 c6 15. Rfe1 Qd7 16. Re2 a5 17. Rce1 a4 18. Bg5 Nc8 19. h4 h6 20. Bf4 N8d6 21. Bxd6 Qxd6 22. Re7 b5 23. Bf1 Rac8 24. Qc3 Rc7 25. Rxc7 Qxc7 26. Qb4 Qd6 27. Qxd6 Nxd6 28. Re7 Nf5 29. Rb7 Nxd4 30. Kg2 h5 31. Bd3 Re8 0-1

[Event "Dublin Easter e2e4 op"]
[Site "Dublin"]
[Date "2012.04.06"]
[Round "3"]
[White "Gormally, Daniel"]
[Black "Short, Philip M"]
[Result "1-0"]
[WhiteElo "2520"]
[BlackElo "2282"]
[PlyCount "51"]
[EventDate "2012.04.05"]
[EventType "swiss"]
[EventRounds "9"]
[EventCountry "IRL"]
[SourceTitle "CBM 147 Extra"]
[Source "ChessBase"]
[SourceDate "2012.04.24"]
[SourceVersion "1"]
[SourceVersionDate "2012.04.24"]
[SourceQuality "1"]

1. d4 d5 2. c4 c6 3. Nf3 Nf6 4. Nc3 dxc4 5. e4 b5 6. e5 Nd5 7. a4 Nxc3 8. bxc3 e6 9. Ng5 Qc7 10. Qg4 Bb7 11. Be2 Nd7 12. Qh5 g6 13. Qf3 Nb6 14. Qf6 Rg8 15. Nxe6 Qd7 16. Nxf8 Rxf8 17. Bf3 Nd5 18. Bxd5 Qxd5 19. 0-0 c5 20. f3 b4 21. Bh6 bxc3 22. dxc5 Rg8 23. e6 fxe6 24. Rfe1 Bc8 25. Bg5 Qxc5+ 26. Kh1 1-0